Zeven hoofdzonden - Statistieken

Algemene statistieken
  • Deze quiz is 116 keer genomen
  • De gemiddelde score is 4 van 14
Antwoordstatistieken
Hoofdzonde % Correct
Onkuisheid
59%
Hebzucht
57%
Gulzigheid
53%
Jaloezie
53%
Wraak
50%
Hoogmoed
46%
Luiheid
40%
Ira
14%
Avaritia
13%
Invidia
13%
Superbia
11%
Gula
10%
Luxuria
10%
Acedia
9%
Geen overeenkomende quizzen gevonden
Scoreverdeling
Procent van Mensen met Elke Score
Percentiel versus Aantal Correcte Antwoorden
Uw Scoregeschiedenis
U heeft deze quiz nog niet genomen